Library of the University of Algiers 3
Ibrahim Sultan Cheibout
شعار جامعة الجزائر 3
مكتبة جامعة الجزائر 3
إبراهيم سلطان شيبوط

مبادئ إدارة الفنادق / (رقم التسجيلة. 45356)

تفاصيل مارك
000 -LEADER
fixed length control field 01435nam a2200229Ia 4500
003 - CONTROL NUMBER IDENTIFIER
control field Ost
005 - DATE AND TIME OF LATEST TRANSACTION
control field 20260507075639.0
008 - FIXED-LENGTH DATA ELEMENTS--GENERAL INFORMATION
fixed length control field 260507s9999||||xx |||||||||||||| ||und||
040 ## - CATALOGING SOURCE
Transcribing agency fsecg
041 ## - LANGUAGE CODE
Language code of text/sound track or separate title ara
082 ## - DEWEY DECIMAL CLASSIFICATION NUMBER
Classification number 647.94
100 ## - MAIN ENTRY--PERSONAL NAME
Personal name توفيق، ماهر عبد العزيز
Relator term مؤلف
245 #0 - TITLE STATEMENT
Title مبادئ إدارة الفنادق /
Statement of responsibility, etc. ماهر عبد العزيز توفيق
260 ## - PUBLICATION, DISTRIBUTION, ETC.
Place of publication, distribution, etc. عمان:
Name of publisher, distributor, etc. دار زهران للنشر والتوزيع,
Date of publication, distribution, etc. 1998
300 ## - PHYSICAL DESCRIPTION
Extent 371 صفحة؛
Other physical details إيضاحات ؛
Dimensions 24 سم
504 ## - BIBLIOGRAPHY, ETC. NOTE
Bibliography, etc. note المراجع ص.368
520 ## - SUMMARY, ETC.
Summary, etc. لمحة تاريخية عن تطوير الفنادق وأماكن الإيواء ،تعريف الفندق وتقسيمه من حيث الملكية والمقع والخدمات،تصنيف الفنادق،دراسة الهيكل التنظيمي للفنادق،وصف الأقسام العاملة في الفنادق،التنظيم الفندقي،الفنادق العالمية والشركات الفندقية ،الإستغلال الفندقي ،العوامل التي تساعد على نجاح الفندق،خدمة الصوف،الاشراق والإدارة الفندقية ،النسب والاحصاءات الفندقية،دراسة الجدوى الإقتصادية للفنادق ، مصطلحات فندقية
653 ## - INDEX TERM--UNCONTROLLED
Uncontrolled term الإدارة
653 ## - INDEX TERM--UNCONTROLLED
Uncontrolled term السياحة
653 ## - INDEX TERM--UNCONTROLLED
Uncontrolled term الفنادق
942 ## - ADDED ENTRY ELEMENTS (KOHA)
Koha item type كتب
المقتنيات
Withdrawn status Lost status Source of classification or shelving scheme Damaged status Not for loan Home library Current library Date acquired Serial enumeration / chronology Inventory number Total checkouts Full call number Barcode Date last seen Price effective from Koha item type
    Dewey Decimal Classification   NOT LOAN / إعارة داخلية مكتبة كلية العلوم الإقتصادية والعلوم التجارية وعلوم التسيير مكتبة كلية العلوم الإقتصادية والعلوم التجارية وعلوم التسيير 07/05/2026 الطابق الأرضي 834/1   أ/834ن1 834/1 07/05/2026 07/05/2026 كتب

موارد الويب المفتوحة


© University of Algiers 3 All Rights Reserved
|
Implemented by LECHELAH Riad